Eurovision Song Contest winning artist (1956-2024) - Statistics

General Stats
  • This quiz has been taken 23 times
    14 since last reset
  • The average score is 28 of 71
Answer Stats
Year Country Artist Song % Correct
2014 Austria Conchita Wurst Rise Like a Phoenix
90%
2019 The Netherlands Duncan Laurence Arcade
90%
2012 Sweden Loreen Euphoria
90%
2023 Sweden Loreen Tattoo
90%
2021 Italy Måneskin Zitti e Buoni
90%
2024 Switzerland Nemo The Code
90%
2018 Israel Netta Toy
90%
2009 Norway Alexander Rybak Fairytale
80%
1980 Ireland Johnny Logan What's Another Year
80%
1987 Ireland Johnny Logan Hold Me Now
80%
2015 Sweden Måns Zelmerlöw Heroes
80%
1974 Sweden ABBA Waterloo
70%
1988 Switzerland Céline Dion Ne Partez Pas Sans Moi
70%
2022 Ukraine Kalush Orchestra Stefania
70%
2010 Germany Lena Satellite
70%
2006 Finland Lordi Hard Rock Hallelujah
70%
2013 Denmark Emmelie de Forest Only Teardrops
60%
2016 Ukraine Jamala 1944
60%
2004 Ukraine Ruslana Wild Dances
60%
1970 Ireland Dana All Kinds of Everything
50%
1998 Israel Dana International Diva
50%
2011 Azerbaijan Ell/Nikki Running Scared
50%
2005 Greece Helena Paparizou My Number One
50%
1956 Switzerland Lys Assia Refrain
50%
2000 Denmark Olsen brothers Fly On The Wings of Love
50%
1985 Norway Bobbysocks La Det Swinge
40%
2008 Russia Dima Bilan Believe
40%
2007 Serbia Marija Šerifović Molitva
40%
2017 Portugal Salvador Sobral Amar Pelos Dois
40%
1995 Norway Secret Garden Nocturne
40%
1991 Sweden Carola Fångad Av En Stormvind
30%
1999 Sweden Charlotte Nilsson Take Me To Your Heaven
30%
1984 Sweden Herrey's Diggi-loo Diggy-ley
30%
1997 United Kingdom Katrina and The Waves Love Shine A Light
30%
1969 The Netherlands Lenny Kuhr De Troubadour
30%
2002 Latvia Marie N I Wanna
30%
1993 Ireland Niamh Kavanagh In Your Eyes
30%
1982 Germany Nicole Ein Bißchen Frieden
30%
1986 Belgium Sandra Kim J'aime La Vie
30%
1972 Luxembourg Vicky Leandros Aprés Toi
30%
1973 Luxembourg Anne-Marie David Tu Te Reconnaîtras
20%
1976 United Kingdom Brotherhood of Man Save Your Kisses For Me
20%
1981 United Kingdom Bucks Fizz Making Your Mind Up
20%
1983 Luxembourg Corinne Hermés Si La Vie Est Cadeau
20%
1957 The Netherlands Corry Brokken Net Als Toen
20%
1996 Ireland Eimear Quinn The Voice
20%
1965 Luxembourg France Gall Poupée De Cire, Poupée De Son
20%
1969 France Frida Boccara Un Jour, Un Enfant
20%
1964 Italy Gigliola Cinquetti Non Ho L'étà
20%
1963 Denmark Grethe and Jørgen Ingmann Dansevise
20%
1960 France Jacqueline Boyer Tom Pillibi
20%
1992 Ireland Linda Martin Why Me
20%
1969 United Kingdom Lulu Boom Bang-a-Bang
20%
1977 France Marie Myriam L'oiseau Et L'enfant
20%
1968 Spain Massiel La, La, La...
20%
1979 Israel Milk and Honey Hallelujah
20%
1969 Spain Salomé Vivo Cantando
20%
1967 United Kingdom Sandie Shaw Puppet On A String
20%
1971 Monaco Séverine Un Banc, Un Arbre, Une Rue
20%
2001 Estonia Tanel Padar, Dave Benton & 2XL Everybody
20%
1975 The Netherlands Teach-In Ding-a-Dong
20%
1990 Italy Toto Cutugno Insieme: 1992
20%
1966 Austria Udo Jürgens Merci Chérie
20%
1958 France André Claveau Dors Mon Amour
10%
1962 France Isabelle Aubret Un Premier Amour
10%
1978 Israel Izhar Cohen and the Alphabeta Abanibi
10%
1961 Luxembourg Jean-Claude Pascal Nous Les Amoureux
10%
1994 Ireland Paul Harrington and Charlie McGettigan Rock 'n' Roll Kids
10%
1989 Yugoslavia Riva Rock Me
10%
2003 Turkey Sertab Erener Everyway That I Can
10%
1959 The Netherlands Teddy Scholten Een Beetje
10%
No matching quizzes found
Score Distribution
Percent of People with Each Score
Percentile by Number Answered
Your Score History
You have not taken this quiz since the last reset